[Event "IND-chB (Women) 35th"]
[Site "Calicut"]
[Date "2008.06.08"]
[Round "4"]
[White "Saranya, J."]
[Black "Syed, Nabeela Farheen"]
[Result "1-0"]
[WhiteElo "1928"]
[BlackElo "2082"]
[PlyCount "89"]
[EventDate "2008.06.06"]
[EventType "swiss"]
[EventRounds "11"]
[EventCountry "IND"]
[SourceTitle "CBM 124 Extra"]
[Source "ChessBase"]
[SourceDate "2008.07.03"]
[SourceVersion "1"]
[SourceVersionDate "2008.07.03"]
[SourceQuality "1"]

1. e4 g6 2. Nf3 Bg7 3. d4 d6 4. c4 c5 5. Nc3 cxd4 6. Nxd4 Nf6 7. Be2 0-0 8. 0-0 Bd7 9. Be3 Nc6 10. f3 Rc8 11. Rc1 a6 12. Qe1 Ne8 13. Qf2 Nc7 14. Nb3 Ne6 15. Rfd1 Qe8 16. f4 f5 17. exf5 Rxf5 18. Nd5 Bxb2 19. Rc2 Bg7 20. Bg4 Rf7 21. Nb6 Nb4 22. Rcc1 h5 23. Bh3 Rd8 24. Nxd7 Ng5 25. Nb6 Nxh3+ 26. gxh3 e5 27. Qd2 exf4 28. Bxf4 Nxa2 29. Qxa2 Rxf4 30. Re1 Re4 31. Qd2 Kh7 32. Nd5 Qe6 33. Rxe4 Qxe4 34. Qe3 Qf5 35. Rf1 Qc2 36. Rf7 Kg8 37. Qe7 Qd1+ 38. Rf1 Bd4+ 39. Kg2 Qc2+ 40. Kh1 Be5 41. Qxd8+ Kh7 42. Nf6+ Kh6 43. Qf8+ Kg5 44. Nh7+ Kh4 45. Rf4+ 1-0

[Event "IND-chB (Women) 35th"]
[Site "Calicut"]
[Date "2008.06.08"]
[Round "3"]
[White "Syed, Nabeela Farheen"]
[Black "Karavade, Eesha"]
[Result "0-1"]
[WhiteElo "2082"]
[BlackElo "2303"]
[PlyCount "100"]
[EventDate "2008.06.06"]
[EventType "swiss"]
[EventRounds "11"]
[EventCountry "IND"]
[SourceTitle "CBM 124 Extra"]
[Source "ChessBase"]
[SourceDate "2008.07.03"]
[SourceVersion "1"]
[SourceVersionDate "2008.07.03"]
[SourceQuality "1"]

1. Nf3 Nf6 2. c4 c5 3. g3 Nc6 4. Bg2 d5 5. cxd5 Nxd5 6. 0-0 e5 7. Nc3 Nc7 8. d3 Be7 9. Nd2 Bd7 10. Nc4 f6 11. a3 Rb8 12. Ne3 Be6 13. Nc4 Qd7 14. Be3 0-0 15. Rc1 Kh8 16. Nd2 Nd4 17. f4 Nf5 18. Bf2 exf4 19. gxf4 Nd4 20. Nce4 b6 21. Nf3 Bg4 22. Nxd4 cxd4 23. Rc4 Ne6 24. Qd2 f5 25. Ng3 Bd6 26. Be1 Qf7 27. h3 Bh5 28. Bd5 Bg6 29. Bxe6 Qxe6 30. Bf2 b5 31. Rc6 Qd5 32. Rfc1 Rbe8 33. a4 h5 34. axb5 h4 35. Nf1 Bh5 36. Re1 Re6 37. Bxh4 Qxb5 38. Rc4 Qb8 39. Bg5 Rg6 40. Kf2 Re8 41. b4 a5 42. bxa5 Rxg5 43. fxg5 Bf4 44. Qa2 Bxg5 45. Rxd4 Qa7 46. Qa4 Bh4+ 47. Ng3 f4 48. e3 Bxg3+ 49. Kf1 fxe3 50. Re4 Qf7+ 0-1

[Event "IND-ch (Women)"]
[Site "Pune"]
[Date "2007.11.08"]
[Round "4"]
[White "Nimmy, A George"]
[Black "Syed, Nabeela Farheen"]
[Result "1-0"]
[WhiteElo "2196"]
[BlackElo "2093"]
[PlyCount "85"]
[EventDate "2007.11.06"]
[EventType "swiss"]
[EventRounds "11"]
[EventCountry "IND"]
[SourceTitle "EXT 2008"]
[Source "ChessBase"]
[SourceDate "2007.11.25"]
[SourceVersion "1"]
[SourceVersionDate "2007.11.25"]
[SourceQuality "1"]

1. e4 e5 2. Nf3 Nc6 3. Bc4 Bc5 4. c3 Nf6 5. d4 exd4 6. e5 d5 7. Bb5 Ne4 8. cxd4 Bb6 9. Nc3 0-0 10. Be3 Ne7 11. 0-0 f6 12. Qb3 Kh8 13. Bd3 Nxc3 14. bxc3 Bg4 15. exf6 Rxf6 16. Ne5 Be6 17. Bg5 Rf8 18. Qc2 g6 19. Bxg6 hxg6 20. Bxe7 Bf5 21. Qxf5 gxf5 22. Bxd8 Raxd8 23. Ng6+ Kg7 24. Nxf8 Rxf8 25. Rfe1 Rf7 26. Re5 c6 27. Rae1 Ba5 28. R1e3 f4 29. Rf3 Bc7 30. Re8 b6 31. Kf1 c5 32. Ke2 Rd7 33. Rh3 Kf7 34. Reh8 Re7+ 35. Kd2 cxd4 36. R8h7+ Ke6 37. R3h6+ Kd7 38. cxd4 b5 39. Rxe7+ Kxe7 40. Rh7+ Kd6 41. Rf7 Kc6 42. h4 a5 43. Rxc7+ 1-0

[Event "IND-ch (Women)"]
[Site "Pune"]
[Date "2007.11.07"]
[Round "3"]
[White "Syed, Nabeela Farheen"]
[Black "Harini, S."]
[Result "1-0"]
[WhiteElo "2093"]
[BlackElo "2060"]
[PlyCount "97"]
[EventDate "2007.11.06"]
[EventType "swiss"]
[EventRounds "11"]
[EventCountry "IND"]
[SourceTitle "EXT 2008"]
[Source "ChessBase"]
[SourceDate "2007.11.25"]
[SourceVersion "1"]
[SourceVersionDate "2007.11.25"]
[SourceQuality "1"]

1. e4 c5 2. Nf3 d6 3. d4 cxd4 4. Nxd4 Nf6 5. Nc3 e6 6. Be2 Be7 7. 0-0 0-0 8. Be3 Nc6 9. f4 e5 10. Nb3 exf4 11. Bxf4 Be6 12. Kh1 d5 13. e5 Nd7 14. Nxd5 Ndxe5 15. Nxe7+ Qxe7 16. Qe1 Rad8 17. Bb5 Ng6 18. Bxc6 bxc6 19. Bg3 Qg5 20. Qc3 Bd5 21. Nd4 Nh4 22. Rf2 Be4 23. Nf3 Nxf3 24. gxf3 Bg6 25. Re1 Qd5 26. b3 f6 27. Kg2 Rd7 28. Rfe2 a5 29. a4 h6 30. Bf4 Bh5 31. Rd2 Qf5 32. Rxd7 Qxd7 33. Qxa5 Qd5 34. Qxd5+ cxd5 35. a5 Rc8 36. Re2 Be8 37. a6 Ra8 38. a7 Bb5 39. Re7 Kf8 40. Rb7 Bc6 41. Bd6+ Ke8 42. Rxg7 Rc8 43. b4 Ba8 44. Bc5 f5 45. Rg6 Kd7 46. Rxh6 Re8 47. Kf2 Bb7 48. Rd6+ Kc8 49. Rf6 1-0

[Event "IND-ch (Women)"]
[Site "Pune"]
[Date "2007.11.06"]
[Round "1"]
[White "Syed, Nabeela Farheen"]
[Black "Swati, Ghate"]
[Result "0-1"]
[WhiteElo "2093"]
[BlackElo "2316"]
[PlyCount "65"]
[EventDate "2007.11.06"]
[EventType "swiss"]
[EventRounds "11"]
[EventCountry "IND"]
[SourceTitle "EXT 2008"]
[Source "ChessBase"]
[SourceDate "2007.11.25"]
[SourceVersion "1"]
[SourceVersionDate "2007.11.25"]
[SourceQuality "1"]

1. Nf3 d5 2. g3 Nf6 3. Bg2 c6 4. 0-0 Bg4 5. d4 Nbd7 6. Nbd2 e6 7. c4 Be7 8. c5 b6 9. cxb6 axb6 10. Nb3 0-0 11. h3 Bh5 12. a3 h6 13. Bf4 c5 14. Rc1 Bg6 15. Re1 c4 16. Na1 b5 17. Bd2 Ne4 18. Nc2 Bf6 19. Bb4 Re8 20. Nd2 Nb6 21. Nxe4 dxe4 22. Bc5 Na4 23. Rb1 Nxc5 24. dxc5 Qc7 25. b4 cxb3 26. Rxb3 Qxc5 27. e3 Rec8 28. Re2 Ra4 29. Qb1 Rc4 30. Rxb5 Qd6 31. Bf1 Kh7 32. Rb4 R4c6 33. Qa2 0-1

[Event "New Delhi Parsvnath op 4th"]
[Site "New Delhi"]
[Date "2006.01.15"]
[Round "2"]
[White "Syed, Nabeela Farheen"]
[Black "Mohota, Nisha"]
[Result "0-1"]
[WhiteElo "2061"]
[BlackElo "2318"]
[PlyCount "64"]
[EventDate "2006.01.15"]
[EventType "swiss"]
[EventRounds "10"]
[EventCountry "IND"]
[SourceTitle "CBM 110 Extra"]
[Source "ChessBase"]
[SourceDate "2006.03.10"]
[SourceVersion "2"]
[SourceVersionDate "2006.03.10"]
[SourceQuality "1"]

1. Nf3 d5 2. g3 Nf6 3. Bg2 b5 4. a4 b4 5. c4 bxc3 6. Nxc3 e6 7. 0-0 Nbd7 8. d4 Be7 9. Qc2 c5 10. dxc5 Bxc5 11. e4 Ba6 12. Rd1 Ng4 13. Rd2 d4 14. Nxd4 Nxf2 15. Nb3 Bd3 16. Rxd3 Nxd3+ 17. Nxc5 N3xc5 18. b4 Na6 19. Nb5 0-0 20. Qb3 Ne5 21. Bb2 Qd3 22. Qxd3 Nxd3 23. Ba3 Naxb4 24. e5 Rab8 25. Nxa7 Nc2 26. Bxf8 Nxa1 27. Bd6 Rb1+ 28. Bf1 Nc2 29. Kg2 Ne3+ 30. Kf3 Nxf1 31. Ke2 Nb2 32. a5 Ra1 0-1